Doom Eternal - Armes - Statistiques

Statistiques générales
  • Ce quiz a été pris 107 fois
  • Le résultat moyen est 6 sur 11
Statistiques - réponses
Armes % Correct
Shotgun
94%
Super shotgun
73%
Fusil à plasma
62%
BFG-9000
59%
Mitrailleuse
55%
Lance-roquettes
44%
Tronçonneuse
42%
Creuset
39%
Baliste
38%
Unmaykr
23%
Canon lourd
21%
Aucun quiz correspondant
Distribution des résultats
% des personnes avec chaque résultat
Percentile par nombre de réponses
Votre historique - résultats
Vous n’avez pas pris ce quiz